000 00684cam a2200217 a 4500
001 000006436
005 20200929153930.0
008 840619s1982 mx a 001 f spa
020 _a968434239X
040 _aDO-SdBNP
_bspa
_cBNPHU
082 _aM863.2
_bP348a
100 1 _aPaz, Ireneo,
_d1836-1924.
_917862
245 1 0 _aAmor de viejo /
_cIreneo Paz.
260 _aMéxico :
_bPublicaciones y Bibliotecas Cultura SEP :
_bPremia,
_c1982.
300 _a89 p. :
_bil. ;
_c21 cm.
490 1 _aMatraca
_v15
650 4 _aNovela mexicana
_93959
650 4 _aLiteratura mexicana
_ySIGLO XIX
_917860
650 4 _aLiteratura latinoamericana
_ySIGLO XIX
_916348
830 0 _aMatraca
_n15
_917863
999 _c6231
_d6231